| 000 | 00393nam a2200097Ia 4500 | ||
|---|---|---|---|
| 008 | 180130s9999 xx 000 0 und d | ||
| 245 |
_cBener, A.; Tosun, A. _aIf it is software engineering, it is (probably) a Bayesian factor |
||
| 260 | _c2016 | ||
| 300 | _aBook title: Perspectives on data science for software engineering--Acession number C20893; pages 187-192 | ||
| 650 | _aSOFTWARE ENGINEERING | ||
| 999 |
_c354314 _d354314 |
||